000 00404nam a22001577a 4500
003 MACL
005 20151206154228.0
008 151206b xxu||||| |||| 00| 0 eng d
040 _cMACL
041 _aEnglish
082 _a741.642
100 _aKidd,Margaret
_919621
245 _aAshok's Kite/When A Duckling Is Scared/ Heroes of Mahabharatha
650 _aChildren's book
_919622
942 _2ddc
_cBK
999 _c51442
_d51442